000 00631nam a22001937a 4500
003 BUBTL
008 190506b xxu||||| |||| 00| 0 eng d
020 _a984-18-0108-6
082 _a891.443 / TOS
100 _92325
_aটলস্টয়, লিও
245 _aশয়তান /
_cলিও টলস্টয়
250 _a4th ed.
260 _aঢাকা :
_bবিশ্বসাহিত্য কেন্দ্র,
_cc2012.
300 _a95 p. :
_c22 cm.
650 0 _91689
_aবাংলা সাহিত্য
856 _k0
_l0
_yDownload
942 _2ddc
_cBK
999 _c6040
_d6040